[Event "36th Reykjavik op"]
[Site "Reykjavik ISL"]
[Date "2023.03.30"]
[Round "3.33"]
[White "Vignesh, N. R."]
[Black "Mai, Alexander Oliver"]
[WhiteElo "2513"]
[BlackElo "2141"]
[Result "1-0"]
[EventDate "2023.03.29"]
[PlyCount "101"]

1. e4 e5 2. Nf3 Nf6 3. Nc3 Nc6 4. Bb5 Nd4 5. O-O Nxb5 6. Nxb5 c6 7. Nc3 d6 8. d4
Qc7 9. h3 Be7 10. a4 a5 11. b3 O-O 12. Ba3 Re8 13. Qd3 b6 14. Rfe1 Ba6 15. Qd2 exd4
16. Nxd4 g6 17. Bb2 Rad8 18. Rad1 Nd7 19. Qe3 Bf6 20. Qg3 Kh8 21. Qf4 Kg8 22. Re3
Be5 23. Qh6 Nf8 24. f4 Bh8 25. Rg3 f6 26. Qh4 Bg7 27. f5 Bb7 28. Rgd3 Qe7 29. Qf2
Qc7 30. h4 Re7 31. fxg6 hxg6 32. h5 Bc8 33. hxg6 Nxg6 34. Rg3 Ne5 35. Ndb5 cxb5 36.
Nd5 Qb7 37. Nxf6+ Kf7 38. Bxe5 dxe5 39. Nh5+ Ke8 40. Nxg7+ Rxg7 41. Rxd8+ Kxd8 42.
Qf8+ Kc7 43. Rxg7+ Bd7 44. Rxd7+ Kxd7 45. Qf7+ Kc8 46. Qe8+ Kc7 47. Qxe5+ Kc8 48.
Qe8+ Kc7 49. Qe7+ Kb8 50. Qxb7+ Kxb7 51. axb5  1-0

[Event "36th Reykjavik op"]
[Site "Reykjavik ISL"]
[Date "2023.03.30"]
[Round "3.34"]
[White "Kather, Yannick"]
[Black "Willow, Jonah"]
[WhiteElo "2137"]
[BlackElo "2459"]
[Result "0-1"]
[EventDate "2023.03.29"]
[PlyCount "38"]

1. e4 c5 2. Nf3 Nc6 3. c3 e5 4. Bc4 Nf6 5. d3 Be7 6. O-O O-O 7. Re1 d6 8. a4 a6 9.
Ba2 Rb8 10. d4 cxd4 11. cxd4 Bg4 12. d5 Nd4 13. Nbd2 Rc8 14. Bb1 Nh5 15. h3 Nf4 16.
Kh2 Bxf3 17. Nxf3 Rxc1 18. Qxc1 Nxf3+ 19. gxf3 Qd7  0-1

[Event "36th Reykjavik op"]
[Site "Reykjavik ISL"]
[Date "2023.03.30"]
[Round "3.35"]
[White "Krivenko, Dion"]
[Black "Wadsworth, Matthew"]
[WhiteElo "2136"]
[BlackElo "2439"]
[Result "0-1"]
[EventDate "2023.03.29"]
[PlyCount "54"]

1. e4 e6 2. d4 d5 3. Nc3 Nf6 4. Bg5 dxe4 5. Bxf6 gxf6 6. Nxe4 f5 7. Nc3 a6 8. g3
Bg7 9. Nge2 Nc6 10. d5 exd5 11. Nxd5 Be6 12. Nef4 Bxd5 13. Nxd5 O-O 14. c3 Re8+ 15.
Be2 Rxe2+ 16. Kxe2 Nd4+ 17. cxd4 Qxd5 18. f3 Qb5+ 19. Kf2 Qxb2+ 20. Ke3 Re8+ 21.
Kf4 Bxd4 22. Rb1 Be3+ 23. Kxf5 Qe5+ 24. Kg4 Qe6+ 25. Kh4 Qh6+ 26. Kg4 f5+ 27. Kxf5
Qe6#  0-1

[Event "36th Reykjavik op"]
[Site "Reykjavik ISL"]
[Date "2023.03.30"]
[Round "3.36"]
[White "Kjartansson, Gudmundur"]
[Black "Kunz, Andre"]
[WhiteElo "2402"]
[BlackElo "2140"]
[Result "1/2-1/2"]
[EventDate "2023.03.29"]
[PlyCount "100"]

1. d4 d5 2. c4 Nc6 3. cxd5 Qxd5 4. e3 e5 5. Nc3 Bb4 6. Bd2 Bxc3 7. bxc3 Nf6 8. c4
Qd6 9. d5 Nb8 10. Qb1 a5 11. Bd3 Nbd7 12. Ne2 O-O 13. O-O Nc5 14. e4 b6 15. Nc3 Nh5
16. Nb5 Qg6 17. Kh1 c6 18. Nc3 Rb8 19. dxc6 Qxc6 20. Nd5 Re8 21. Be2 Nf4 22. Re1
Nxe2 23. Rxe2 Ba6 24. Bxa5 Bxc4 25. Rd2 Nxe4 26. Qxe4 Bxd5 27. Qxd5 Qxd5 28. Rxd5
bxa5 29. Rxa5 Ra8 30. Rxa8 Rxa8 31. a4 Ra5 32. g4 Kf8 33. Kg2 Ke7 34. Kf3 Ke6 35.
Ke4 f6 36. f4 exf4 37. Kxf4 h5 38. h3 hxg4 39. hxg4 g5+ 40. Ke4 f5+ 41. gxf5+ Rxf5
42. a5 Rf4+ 43. Kd3 Kd5 44. a6 Rf3+ 45. Ke2 Rf8 46. Ra5+ Kc6 47. Rxg5 Ra8 48. Kd1
Rxa6 49. Rg6+ Kb7 50. Rxa6 Kxa6  1/2-1/2

[Event "36th Reykjavik op"]
[Site "Reykjavik ISL"]
[Date "2023.03.30"]
[Round "3.37"]
[White "Kusa, Jakub"]
[Black "Hnatyshyn, Anastasiia"]
[WhiteElo "2373"]
[BlackElo "2114"]
[Result "1/2-1/2"]
[EventDate "2023.03.29"]
[PlyCount "80"]

1. d4 d5 2. Nf3 Nf6 3. c4 e6 4. g3 Be7 5. Bg2 O-O 6. O-O dxc4 7. Qc2 a6 8. a4 Bd7
9. Qxc4 Bc6 10. Bf4 Bd6 11. Qc1 Nbd7 12. Nc3 Ne4 13. Rd1 Ndf6 14. Qc2 Bxf4 15. gxf4
Nxc3 16. bxc3 Be4 17. Qb3 Qd5 18. c4 Qf5 19. e3 Bc2 20. Qxb7 Bxd1 21. Rxd1 Qc2 22.
Rf1 Qxc4 23. Ne5 Qxa4 24. Nc6 g6 25. Qxc7 Kg7 26. Ne5 Rac8 27. Qb7 Rb8 28. Qa7 Qb5
29. Ra1 Rbc8 30. Bf3 Nd5 31. Bxd5 Qxd5 32. h4 Ra8 33. Qe7 Qd8 34. Qb7 Rb8 35. Qa7
Qxh4 36. Nxf7 Qg4+ 37. Kf1 Qh3+ 38. Kg1 Qg4+ 39. Kf1 Qh3+ 40. Kg1 Qg4+  1/2-1/2

[Event "36th Reykjavik op"]
[Site "Reykjavik ISL"]
[Date "2023.03.30"]
[Round "3.38"]
[White "Willemze, Thomas"]
[Black "Birkisson, Bjoern Holm"]
[WhiteElo "2364"]
[BlackElo "2110"]
[Result "1-0"]
[EventDate "2023.03.29"]
[PlyCount "117"]

1. e4 c5 2. Nc3 Nc6 3. Bb5 Nd4 4. Nf3 a6 5. Bd3 g6 6. O-O Bg7 7. Re1 d6 8. Nxd4 cxd4
9. Ne2 Nh6 10. h3 O-O 11. c3 dxc3 12. dxc3 d5 13. e5 e6 14. Nd4 f6 15. exf6 Qxf6
16. Qf3 Qh4 17. Qg3 Qxg3 18. fxg3 Nf7 19. Bc2 e5 20. Ne2 b5 21. Be3 Bb7 22. Rad1
Nd6 23. a4 Rfd8 24. Bg5 Rdc8 25. axb5 axb5 26. Bb3 Nc4 27. Bc1 Rf8 28. g4 Rad8 29.
Ng3 Rfe8 30. Nf1 Kh8 31. Nh2 d4 32. Nf3 dxc3 33. bxc3 e4 34. Ng5 Bd5 35. Nxe4 Bxe4
36. Rxd8 Rxd8 37. Rxe4 Bxc3 38. Bg5 Rc8 39. Re7 Rb8 40. h4 Bd4+ 41. Kh2 Bg7 42. Bf4
Rf8 43. g3 Bf6 44. Rb7 Be5 45. Bh6 Rb8 46. Re7 Bc3 47. h5 Nd2 48. Bf4 Rc8 49. Be6
Rd8 50. Rc7 g5 51. Rxc3 gxf4 52. gxf4 Rd4 53. g5 Nc4 54. Kg3 Nd6 55. Ra3 Ra4 56.
Rd3 Ne4+ 57. Kf3 h6 58. Rd8+ Kh7 59. Bf5+  1-0

[Event "36th Reykjavik op"]
[Site "Reykjavik ISL"]
[Date "2023.03.30"]
[Round "3.39"]
[White "Soderstrom, Adrian"]
[Black "Cramling Bellon, Anna"]
[WhiteElo "2322"]
[BlackElo "2066"]
[Result "1-0"]
[EventDate "2023.03.29"]
[PlyCount "115"]

1. d4 Nf6 2. c4 e6 3. g3 d5 4. Bg2 c6 5. Nf3 Bb4+ 6. Nbd2 dxc4 7. O-O b5 8. b3 c3
9. Nb1 Nbd7 10. Qc2 Bb7 11. Nxc3 O-O 12. Bb2 Rc8 13. a3 c5 14. dxc5 Bxc5 15. Qd3
b4 16. Na4 bxa3 17. Bxa3 Be4 18. Qd2 Bxa3 19. Rxa3 Rc2 20. Qe3 Qa5 21. Raa1 Bxf3
22. exf3 Nd5 23. Qe4 Rfc8 24. f4 Qb5 25. Qf3 g6 26. h4 N7f6 27. Rab1 a5 28. Qd1 Qb4
29. Qd3 Rd2 30. Qf3 Rcc2 31. Rbd1 h5 32. Rxd2 Rxd2 33. Rc1 Ng4 34. Rf1 Qd4 35. Qe4
Qa7 36. Qe1 Rc2 37. Be4 Rc8 38. Bxg6 Nb4 39. Qe2 Qd4 40. Bxh5 Nf6 41. Rd1 Qa7 42.
Bf3 Rc2 43. Rd2 Rc1+ 44. Kg2 Nfd5 45. Qe5 Qa6 46. h5 Qf1+ 47. Kh2 Nd3 48. Qg5+ Kf8
49. h6 f6 50. Qg7+ Ke8 51. Qg6+ Ke7 52. Qxd3 Qg1+ 53. Kh3 f5 54. Bxd5 exd5 55. Qxd5
Qf1+ 56. Kh4 Qa6 57. Qd8+ Ke6 58. Qd7+  1-0

[Event "36th Reykjavik op"]
[Site "Reykjavik ISL"]
[Date "2023.03.30"]
[Round "3.40"]
[White "Trimitzios, Petros"]
[Black "Girardin, Yves"]
[WhiteElo "2358"]
[BlackElo "2104"]
[Result "0-1"]
[EventDate "2023.03.29"]
[PlyCount "148"]

1. Nf3 d5 2. g3 Nf6 3. Bg2 e6 4. d4 Be7 5. c4 dxc4 6. Qa4+ Nbd7 7. Qxc4 a6 8. Qc2
O-O 9. O-O c5 10. Nc3 cxd4 11. Nxd4 Nb6 12. Rd1 Qc7 13. Bd2 Rd8 14. Nb3 Nbd5 15.
Rac1 Nb4 16. Qb1 Nc6 17. Ne4 e5 18. Re1 Qd7 19. Be3 Nd5 20. Nec5 Qe8 21. Bd2 Rb8
22. Red1 b6 23. Nd3 Be6 24. e4 Nf6 25. Bc3 Nd7 26. Nd2 Rbc8 27. Nf3 f6 28. Nh4 Nc5
29. Nf5 Nxd3 30. Rxd3 Rxd3 31. Qxd3 Nb4 32. Qe2 Nxa2 33. Ra1 Nxc3 34. bxc3 a5 35.
Qf3 Bc5 36. h4 Rd8 37. Qe2 Qd7 38. Qf3 Qd2 39. Rf1 a4 40. h5 a3 41. Qg4 Qd7 42. Kh2
Bb3 43. Bh3 Kh8 44. Qh4 Qf7 45. f4 Rd2+ 46. Bg2 exf4 47. h6 g5 48. Qg4 Bc4 49. Re1
Bf2 50. Ra1 a2 51. gxf4 gxf4 52. Qf3 Qg6 53. Kh1 Be3 54. Qh3 Rb2 55. Kh2 Bd3 56.
Ne7 Qg3+ 57. Qxg3 fxg3+ 58. Kxg3 Bxh6 59. Bh3 Bc4 60. Rd1 Rd2 61. Rg1 Be3 62. Rh1
Be2 63. Be6 Bc5 64. Nf5 Bd3 65. Ra1 Bb1 66. Bd5 Rc2 67. Kg4 Rh2 68. Kg3 Re2 69. Kf3
Rd2 70. Kg4 Bf2 71. Nd6 Kg7 72. Nc4 Rd3 73. Na3 Kg6 74. e5 f5+  0-1

[Event "36th Reykjavik op"]
[Site "Reykjavik ISL"]
[Date "2023.03.30"]
[Round "3.41"]
[White "Leonard, Timo"]
[Black "Botez, Alexandra"]
[WhiteElo "2196"]
[BlackElo "1988"]
[Result "1-0"]
[EventDate "2023.03.29"]
[PlyCount "81"]

1. d4 c5 2. d5 g6 3. e4 d6 4. c4 Bg7 5. h3 Nf6 6. Nc3 O-O 7. Nf3 e6 8. Be2 exd5 9.
exd5 Re8 10. O-O Bf5 11. Nh4 Bd7 12. Bd3 Na6 13. Nf3 Qb6 14. a3 Nc7 15. Qc2 a5 16.
Bf4 Nh5 17. Bh2 f5 18. Rfe1 Qa6 19. Ng5 Nf6 20. Rad1 a4 21. Ne6 Bxe6 22. dxe6 Nxe6
23. Nb5 Nd4 24. Nxd4 cxd4 25. c5 b5 26. cxd6 Rec8 27. Qe2 Re8 28. Qf3 Red8 29. Be5
Ne4 30. Bxe4 fxe4 31. Qxe4 Bxe5 32. Qd5+ Kf8 33. Qxe5 Qxd6 34. Qh8+ Kf7 35. Qxh7+
Kf6 36. Qh4+ Kf7 37. Qh7+ Kf6 38. Rd3 Rh8 39. Rf3+ Kg5 40. h4+ Kg4 41. Re4+  1-0

[Event "36th Reykjavik op"]
[Site "Reykjavik ISL"]
[Date "2023.03.30"]
[Round "3.42"]
[White "Jaksland, Tim"]
[Black "Rosen, Eric"]
[WhiteElo "2117"]
[BlackElo "2357"]
[Result "0-1"]
[EventDate "2023.03.29"]
[PlyCount "70"]

1. e4 c5 2. c3 d5 3. exd5 Qxd5 4. d4 Nf6 5. Nf3 e6 6. Na3 Nc6 7. Be3 cxd4 8. Nb5
Qd8 9. Nbxd4 Nd5 10. Nxc6 bxc6 11. Bd2 Qb6 12. Qb3 Bc5 13. Qxb6 axb6 14. Be2 f6 15.
O-O e5 16. b4 Be7 17. Rfe1 Be6 18. a4 Kf7 19. Reb1 Rhd8 20. g3 c5 21. bxc5 Bxc5 22.
Be1 g5 23. Rc1 g4 24. Nd2 f5 25. Bb5 h5 26. Nc4 Kf6 27. a5 Nc7 28. Bc6 Bxc4 29. Bxa8
Nxa8 30. a6 b5 31. Rd1 Bd3 32. Bd2 f4 33. gxf4 Be2 34. fxe5+ Ke6 35. Rdb1 Rxd2  0-1

[Event "36th Reykjavik op"]
[Site "Reykjavik ISL"]
[Date "2023.03.30"]
[Round "3.43"]
[White "Heidarsson, Arnar Milutin"]
[Black "Belenkaya, Dina"]
[WhiteElo "2075"]
[BlackElo "2300"]
[Result "0-1"]
[EventDate "2023.03.29"]
[PlyCount "119"]

1. d4 Nf6 2. c4 e6 3. Nc3 Bb4 4. e3 O-O 5. Bd3 d5 6. a3 Bxc3+ 7. bxc3 dxc4 8. Bxc4
c5 9. Ne2 Qc7 10. Ba2 Rd8 11. O-O b6 12. Bb2 Bb7 13. f3 Nc6 14. Rc1 Qe7 15. Re1 Rac8
16. Ng3 b5 17. Qe2 a6 18. Qf2 Na5 19. e4 Nc4 20. Qe2 a5 21. Bxc4 bxc4 22. a4 Qd7
23. Qc2 Bc6 24. Ra1 Rb8 25. d5 exd5 26. e5 Ne8 27. Bc1 d4 28. cxd4 Qxd4+ 29. Be3
Qd3 30. Qxd3 cxd3 31. Bxc5 Rd5 32. Bf2 Rb4 33. Nf5 Kf8 34. Ne3 Rxe5 35. Red1 Rb3
36. Nc4 Rd5 37. Be1 Ba8 38. Nxa5 Rb2 39. Nc4 Rb3 40. Rab1 Rxb1 41. Rxb1 Rd4 42. Nb6
Bc6 43. Bc3 Rd8 44. Kf2 Nc7 45. Rd1 Bb7 46. Ke3 Ba6 47. Kd2 f6 48. Re1 Kf7 49. Re4
Ne6 50. Bb4 g5 51. g3 h5 52. Nc4 f5 53. Ne5+ Kg8 54. Re3 Nd4 55. Re1 Nb3+ 56. Ke3
d2 57. Rd1 f4+ 58. gxf4 gxf4+ 59. Kxf4 Rd4+ 60. Kf5  0-1

[Event "36th Reykjavik op"]
[Site "Reykjavik ISL"]
[Date "2023.03.30"]
[Round "3.44"]
[White "Cieslak, Patryk"]
[Black "Williams, Simon"]
[WhiteElo "2207"]
[BlackElo "2461"]
[Result "1/2-1/2"]
[EventDate "2023.03.29"]
[PlyCount "80"]

1. e4 g6 2. d4 Bg7 3. Nc3 d6 4. Nf3 a6 5. a4 b6 6. Be2 e6 7. O-O Ne7 8. Re1 Nd7 9.
Bd3 Bb7 10. Ne2 O-O 11. c3 c5 12. Ng3 Nc6 13. Be3 Rc8 14. Qe2 cxd4 15. cxd4 Nb4 16.
Rac1 Nxd3 17. Qxd3 Nf6 18. Bf4 Qd7 19. Qb3 b5 20. axb5 axb5 21. Qd3 Rfd8 22. h3 h6
23. Bd2 Rxc1 24. Rxc1 Rc8 25. Rxc8+ Qxc8 26. Bc3 Qc6 27. Nd2 h5 28. f3 Qb6 29. b4
Nd7 30. Kh2 Qa6 31. Nb3 Nb6 32. Na5 Nc4 33. Qb1 Qb6 34. Nxc4 bxc4 35. Qa1 d5 36.
e5 Bf8 37. Qa5 Qxa5 38. bxa5 f6 39. Ne2 Kf7 40. Kg3 g5  1/2-1/2

[Event "36th Reykjavik op"]
[Site "Reykjavik ISL"]
[Date "2023.03.30"]
[Round "3.45"]
[White "O`gorman, Tom"]
[Black "Doraszelski, Alexander"]
[WhiteElo "2357"]
[BlackElo "2093"]
[Result "1-0"]
[EventDate "2023.03.29"]
[PlyCount "77"]

1. e4 c5 2. Nf3 d6 3. d4 cxd4 4. Qxd4 Nc6 5. Qe3 g6 6. Be2 Bg7 7. O-O Nf6 8. h3 O-O
9. Rd1 Bd7 10. c4 Rc8 11. Nc3 b6 12. Bd2 Re8 13. Rac1 Rc7 14. Qg5 a6 15. Qh4 Qb8
16. Bh6 Bh8 17. Bf4 Rb7 18. b3 Bg7 19. Bh2 h6 20. Qf4 g5 21. Qe3 Ne5 22. Nxe5 dxe5
23. c5 b5 24. Nd5 Bc6 25. Nb4 Bxe4 26. c6 a5 27. Na6 Qa8 28. cxb7 Qxa6 29. b8=Q Rxb8
30. Bxe5 Re8 31. a4 Qa8 32. Bxb5 Rf8 33. f3 Bb7 34. Bc4 e6 35. h4 gxh4 36. Qd4 Nh5
37. Qg4 Qa7+ 38. Bd4 f5 39. Qxg7+  1-0

[Event "36th Reykjavik op"]
[Site "Reykjavik ISL"]
[Date "2023.03.30"]
[Round "3.46"]
[White "Skou, Niels"]
[Black "Colpe, Malte"]
[WhiteElo "2114"]
[BlackElo "2356"]
[Result "1/2-1/2"]
[EventDate "2023.03.29"]
[PlyCount "99"]

1. d4 Nf6 2. c4 e6 3. Nc3 Bb4 4. Bd2 c5 5. e3 cxd4 6. exd4 d5 7. Nf3 O-O 8. a3 Be7
9. h3 Nc6 10. Bg5 h6 11. Bxf6 Bxf6 12. cxd5 exd5 13. Be2 Be6 14. O-O Qd6 15. Qd2
Na5 16. Rad1 Rac8 17. Nb5 Qb6 18. Nc3 Nc4 19. Bxc4 dxc4 20. Rfe1 Rfd8 21. Ne4 Be7
22. Qc3 Rd5 23. Re2 Rb5 24. Qc1 Bd5 25. Rde1 Bf8 26. Rc2 Be6 27. Nc3 Rf5 28. Qd1
Rd8 29. Rd2 Bd5 30. Nxd5 Rfxd5 31. Qa4 Qc7 32. Qc2 b5 33. Rde2 Qc8 34. Re5 g6 35.
Qe4 Qd7 36. Rxd5 Qxd5 37. Qxd5 Rxd5 38. Re8 a5 39. Kf1 Kg7 40. Ke2 c3 41. bxc3 Bxa3
42. Kd3 Rf5 43. Ra8 b4 44. cxb4 Bxb4 45. Ra7 g5 46. Ke4 Rf4+ 47. Ke3 Rf5 48. Ke4
Rf4+ 49. Ke3 Rf5 50. Ke4  1/2-1/2

[Event "36th Reykjavik op"]
[Site "Reykjavik ISL"]
[Date "2023.03.30"]
[Round "3.47"]
[White "Hoffmann, Sebastian"]
[Black "Miller, Eduard"]
[WhiteElo "2108"]
[BlackElo "2354"]
[Result "0-1"]
[EventDate "2023.03.29"]
[PlyCount "44"]

1. d4 Nf6 2. c4 b6 3. Nc3 Bb7 4. d5 e6 5. e4 exd5 6. cxd5 Bb4 7. Bd3 Qe7 8. Qe2 O-O
9. a3 Bxc3+ 10. bxc3 Re8 11. f3 Bxd5 12. Be3 Bc6 13. c4 Na6 14. Kf2 Nc5 15. Nh3 Bxe4
16. fxe4 Nfxe4+ 17. Bxe4 Nxe4+ 18. Kf3 Qh4 19. Nf2 Qf6+ 20. Kg4 Qe6+ 21. Kf3 Qf5+
22. Bf4 Ng5+  0-1

[Event "36th Reykjavik op"]
[Site "Reykjavik ISL"]
[Date "2023.03.30"]
[Round "3.48"]
[White "Panesar, Vedant"]
[Black "Karason, Askell Oern"]
[WhiteElo "2348"]
[BlackElo "2084"]
[Result "1-0"]
[EventDate "2023.03.29"]
[PlyCount "45"]

1. e4 d6 2. d4 Nf6 3. Nc3 g6 4. Be3 c6 5. Nf3 Nbd7 6. a4 Bg7 7. Be2 O-O 8. O-O e5
9. dxe5 dxe5 10. Nd2 Qc7 11. Nc4 Rd8 12. Qd6 Ne8 13. Qxc7 Nxc7 14. Rad1 Ne6 15. Nd6
Nd4 16. Bc4 Nb6 17. Bxf7+ Kf8 18. Nxc8 Kxf7 19. Nxb6 axb6 20. Rd2 Ke6 21. Rfd1 Re8
22. f4 Bh6 23. f5+  1-0

[Event "36th Reykjavik op"]
[Site "Reykjavik ISL"]
[Date "2023.03.30"]
[Round "3.49"]
[White "Fitzsimons, David"]
[Black "Deatrick, Alexander"]
[WhiteElo "2338"]
[BlackElo "2081"]
[Result "1/2-1/2"]
[EventDate "2023.03.29"]
[PlyCount "91"]

1. Nf3 c5 2. c4 g6 3. d4 cxd4 4. Nxd4 Nc6 5. e4 Bg7 6. Be3 Qb6 7. Nb3 Qd8 8. Qd2
Nf6 9. f3 O-O 10. Nc3 d6 11. Be2 a5 12. Nd4 Nxd4 13. Bxd4 a4 14. O-O-O Be6 15. Kb1
Qa5 16. Qe3 Rfc8 17. Bb6 Qb4 18. a3 Qb3 19. Rd2 Ng4 20. fxg4 Bxc3 21. Qxc3 Qxb6 22.
h4 Qa5 23. Rc1 Qxc3 24. Rxc3 h6 25. Kc2 Ra5 26. Kd3 Kg7 27. Kd4 Rac5 28. Rd1 g5 29.
g3 Bd7 30. Rf1 Re5 31. Rcf3 f6 32. Rc3 Bc6 33. Bd3 Kf7 34. Bc2 Rg8 35. h5 Ra8 36.
Re3 Kg7 37. Bd1 Bd7 38. Rc3 Bc6 39. Re3 Bd7 40. Rf2 Rc5 41. Rc3 Rac8 42. Rfc2 Bc6
43. Bf3 Bd7 44. Rc1 Ra8 45. Be2 Bc6 46. Bf3  1/2-1/2

[Event "36th Reykjavik op"]
[Site "Reykjavik ISL"]
[Date "2023.03.30"]
[Round "3.50"]
[White "Vemparala, Nikash"]
[Black "Sarkar, Justin"]
[WhiteElo "2100"]
[BlackElo "2338"]
[Result "0-1"]
[EventDate "2023.03.29"]
[PlyCount "58"]

1. e4 c5 2. Nf3 e6 3. g3 Nc6 4. Bg2 Nf6 5. Qe2 Be7 6. O-O O-O 7. d3 e5 8. Na3 Re8
9. Nc4 Bf8 10. a4 d5 11. exd5 Nxd5 12. Re1 f6 13. Ne3 Nf4 14. gxf4 exf4 15. Qd2 fxe3
16. Rxe3 Be6 17. b3 Bd6 18. Qc3 Qd7 19. Bb2 Nb4 20. Re4 Bd5 21. Rxe8+ Rxe8 22. d4
cxd4 23. Qxd4 Re4 24. Qd1 Rg4 25. h3 Rg6 26. Kf1 Be4 27. Rc1 Rxg2 28. Kxg2 Nd5 29.
Qh1 Qf5  0-1

[Event "36th Reykjavik op"]
[Site "Reykjavik ISL"]
[Date "2023.03.30"]
[Round "3.51"]
[White "Camus de Solliers, Guillaume"]
[Black "Hardarson, Petur Palmi"]
[WhiteElo "2325"]
[BlackElo "2069"]
[Result "1/2-1/2"]
[EventDate "2023.03.29"]
[PlyCount "124"]

1. d4 Nf6 2. c4 g6 3. Nc3 Bg7 4. g3 O-O 5. Bg2 d6 6. Nf3 c5 7. d5 e6 8. O-O exd5
9. cxd5 a6 10. a4 Re8 11. Bf4 Qc7 12. Nd2 Nh5 13. Bg5 h6 14. Be3 Nd7 15. Nc4 Ne5
16. Na3 f5 17. Bc1 c4 18. Nc2 Rb8 19. Nd4 Kh7 20. a5 Qf7 21. Ra4 Qc7 22. h3 Bd7 23.
Ra3 Nd3 24. exd3 Bxd4 25. Kh2 Re7 26. Bf3 Nf6 27. Kg2 Rbe8 28. h4 Bc5 29. Ra1 Bb4
30. Bf4 Bxc3 31. bxc3 cxd3 32. Qd2 Ne4 33. Bxe4 Rxe4 34. Bxh6 Qc4 35. h5 Rg4 36.
Rae1 gxh5 37. Rxe8 Bxe8 38. Re1 Bf7 39. Re7 Qxd5+ 40. f3 Rg6 41. Bg5 Kg8 42. Qe3
h4 43. c4 Qxc4 44. Rxb7 Qc2+ 45. Kh3 Qe2 46. gxh4 Bd5 47. Rb8+ Kh7 48. Re8 Qxf3+
49. Qxf3 Bxf3 50. Re7+ Kg8 51. Be3 Rg2 52. h5 d2 53. Bxd2 Rxd2 54. h6 Rd5 55. Kg3
Bh5 56. Kf4 Rxa5 57. Kg5 f4+ 58. Kf6 Re5 59. Rg7+ Kh8 60. Rg8+ Kh7 61. Rg7+ Kxh6
62. Rh7+ Kxh7  1/2-1/2

[Event "36th Reykjavik op"]
[Site "Reykjavik ISL"]
[Date "2023.03.30"]
[Round "3.52"]
[White "Pourkashiyan, Atousa"]
[Black "Manukonda, Arun"]
[WhiteElo "2313"]
[BlackElo "2061"]
[Result "1-0"]
[EventDate "2023.03.29"]
[PlyCount "61"]

1. e4 c5 2. Nf3 d6 3. d4 cxd4 4. Nxd4 Nf6 5. Nc3 a6 6. Bg5 e6 7. f4 Be7 8. Qf3 Qc7
9. O-O-O Nbd7 10. g4 h6 11. Bxf6 Bxf6 12. h4 Nb6 13. g5 Bxd4 14. Rxd4 Qc5 15. Rd2
Bd7 16. Qd3 hxg5 17. fxg5 d5 18. exd5 O-O-O 19. Ne4 Qa5 20. Nd6+ Kb8 21. Nxf7 Rc8
22. Nxh8 Nc4 23. Qg3+ Ka8 24. Bxc4 Rxc4 25. Qa3 Ba4 26. Qf8+ Ka7 27. Qf2+ Ka8 28.
dxe6 Bxc2 29. Rxc2 Qxa2 30. Rxc4 Qxc4+ 31. Qc2  1-0

[Event "36th Reykjavik op"]
[Site "Reykjavik ISL"]
[Date "2023.03.30"]
[Round "3.53"]
[White "Lohia, Sohum"]
[Black "Doluhanova, Evgeniya"]
[WhiteElo "2081"]
[BlackElo "2311"]
[Result "1/2-1/2"]
[EventDate "2023.03.29"]
[PlyCount "123"]

1. e4 e5 2. Nf3 Nc6 3. Bb5 Nf6 4. O-O Nxe4 5. d4 Nd6 6. Bxc6 dxc6 7. dxe5 Nf5 8.
Qxd8+ Kxd8 9. Nc3 Be7 10. h3 Nh4 11. Nxh4 Bxh4 12. Re1 h6 13. Ne2 Bf5 14. c3 c5 15.
Nf4 Re8 16. Nh5 Rg8 17. g3 Be7 18. g4 Bd7 19. Nf4 a5 20. e6 fxe6 21. Nxe6+ Bxe6 22.
Rxe6 Kd7 23. Re2 Bd6 24. Bd2 b5 25. f4 c4 26. Kg2 Raf8 27. Rf1 g6 28. f5 h5 29. fxg6
hxg4 30. hxg4 Rxf1 31. Kxf1 Rxg6 32. Re4 Kc6 33. g5 Kd5 34. Re2 b4 35. Kg2 c5 36.
Kf3 a4 37. a3 Be5 38. Kg4 bxa3 39. bxa3 Rg8 40. Be1 Rg7 41. Bd2 Rg8 42. Be1 Rg7 43.
Re3 Bf6 44. Bh4 Rg8 45. Kf5 Bd8 46. Re5+ Kd6 47. Ke4 Ba5 48. Bg3 Kc6 49. Be1 Bc7
50. Re6+ Kd7 51. Kf5 Rxg5+ 52. Kxg5 Kxe6 53. Kg4 Bh2 54. Kf3 Kf5 55. Bd2 Be5 56.
Ke2 Ke4 57. Be1 Bf6 58. Kd2 Kf3 59. Kc2 Bg5 60. Kd1 Be7 61. Bd2 Bf6 62. Kc2  1/2-1/2

[Event "36th Reykjavik op"]
[Site "Reykjavik ISL"]
[Date "2023.03.30"]
[Round "3.54"]
[White "Karthik, Rajaa"]
[Black "Pagan, Jonathan"]
[WhiteElo "2302"]
[BlackElo "2042"]
[Result "1-0"]
[EventDate "2023.03.29"]
[PlyCount "103"]

1. d4 Nf6 2. Nf3 d5 3. c3 Bf5 4. Qb3 Qc8 5. c4 e6 6. cxd5 exd5 7. Nc3 c6 8. Bf4 Be7
9. Rc1 O-O 10. h3 h6 11. e3 Rd8 12. Be2 a5 13. O-O Ne4 14. Na4 Nd7 15. Rfd1 f6 16.
Nh4 Be6 17. Ng6 Re8 18. Nxe7+ Rxe7 19. Bd3 Qe8 20. Qc2 Nf8 21. Nc5 Nxc5 22. Qxc5
Qd7 23. b3 Ree8 24. Qc2 Bf7 25. Re1 Ne6 26. Bg3 Ng5 27. f3 Be6 28. h4 Nf7 29. Bf2
f5 30. Re2 Nd6 31. Qd2 a4 32. Bg3 axb3 33. axb3 Rf8 34. Qb4 Ne8 35. Be5 Nf6 36. Qc3
Qf7 37. Ra1 Rxa1+ 38. Qxa1 Qh5 39. Bxf6 Rxf6 40. Qa8+ Rf8 41. Qxb7 Qxh4 42. Qxc6
Qf6 43. Ra2 Rc8 44. Ra8 Rxa8 45. Qxa8+ Kf7 46. Qb7+ Kf8 47. Qb8+ Kf7 48. Qc7+ Kf8
49. b4 Qh4 50. Qc1 Qd8 51. Qc3 Qg5 52. Bc2  1-0

[Event "36th Reykjavik op"]
[Site "Reykjavik ISL"]
[Date "2023.03.30"]
[Round "3.55"]
[White "Papp, Sarah"]
[Black "Bjorkman, Filip"]
[WhiteElo "2288"]
[BlackElo "2040"]
[Result "1-0"]
[EventDate "2023.03.29"]
[PlyCount "117"]

1. e4 c5 2. d3 Nc6 3. g3 d5 4. Nd2 Nf6 5. Ngf3 e5 6. Bg2 Be7 7. O-O O-O 8. c3 Re8
9. a3 d4 10. cxd4 cxd4 11. b4 b5 12. Nb3 a5 13. bxa5 Bd6 14. Bd2 Bc7 15. Rb1 Nd7
16. Bh3 Nxa5 17. Nxa5 Bxa5 18. Rxb5 Bxd2 19. Nxd2 Rxa3 20. Nc4 Rc3 21. Rd5 Rxc4 22.
dxc4 Qc7 23. Bxd7 Bxd7 24. f4 Bh3 25. Rf2 exf4 26. Rxf4 Qxc4 27. Rxd4 Qc7 28. Rf2
h6 29. Rfd2 Qc5 30. Qc2 Qxc2 31. Rxc2 Rb8 32. Rcd2 Kh7 33. Kf2 Rb1 34. Ke3 Be6 35.
Kf4 Kg6 36. Rd6 Kf6 37. Ra6 Rf1+ 38. Ke3 Re1+ 39. Re2 Rb1 40. Rf2+ Ke5 41. Ra5+ Kd6
42. e5+ Ke7 43. Ra7+ Kf8 44. Ra8+ Ke7 45. Rc2 Re1+ 46. Re2 Rxe2+ 47. Kxe2 h5 48.
Ke3 g6 49. Kf4 Bf5 50. Kg5 Bg4 51. Ra6 Bf5 52. Kh6 Be4 53. Kg7 Bd5 54. h4 Be4 55.
Ra7+ Ke6 56. Rxf7 Bf5 57. Rf6+ Kxe5 58. Rxg6 Ke4 59. Rf6  1-0

[Event "36th Reykjavik op"]
[Site "Reykjavik ISL"]
[Date "2023.03.30"]
[Round "3.56"]
[White "Jacobsen, Mikkel Manosri"]
[Black "Zhou, Lepu Coco"]
[WhiteElo "2283"]
[BlackElo "2034"]
[Result "1-0"]
[EventDate "2023.03.29"]
[PlyCount "57"]

1. d4 d5 2. Nf3 Nf6 3. Bf4 e6 4. e3 Bd6 5. Nbd2 O-O 6. c3 c5 7. Bd3 Qc7 8. Bxd6 Qxd6
9. Ne5 Nc6 10. f4 Ne7 11. g4 c4 12. Bc2 Ne8 13. Rg1 f6 14. Nef3 b5 15. Qb1 g6 16.
h4 e5 17. dxe5 fxe5 18. Nxe5 Qc5 19. Ke2 b4 20. Ndf3 Rb8 21. Qc1 bxc3 22. bxc3 Qa5
23. Qd2 Rb2 24. Rgb1 Rxa2 25. Rxa2 Qxa2 26. h5 Nf6 27. hxg6 hxg6 28. g5 Ng4 29. Nxg6
(29. Bxg6 Qxd2+ 30. Kxd2 Nxg6 31. Nxg6 Re8 32. Rb8 Kg7 33. Nfe5 Nxe5 34. Nxe5 Rh8
35. Ra8 a6 36. e4 dxe4 37. Ra7+ Kg8 38. Ke3 Rh2 (38... Rh7 39. Ra8 Rc7 40. f5 Kh7
41. f6 Rc5 42. Ra7+ Kg8 43. Rg7+ Kf8 44. Ng6+) 39. Ra8 Rc2 40. f5 Kh7 41. f6)  1-0

[Event "36th Reykjavik op"]
[Site "Reykjavik ISL"]
[Date "2023.03.30"]
[Round "3.57"]
[White "Rakhmangulova, Anastasiya"]
[Black "Maleki, Nicolas"]
[WhiteElo "2266"]
[BlackElo "2018"]
[Result "1-0"]
[EventDate "2023.03.29"]
[PlyCount "53"]

1. e4 c5 2. Nf3 e6 3. d4 cxd4 4. Nxd4 Nf6 5. Nc3 d6 6. g4 h6 7. h4 Nc6 8. Rg1 h5
9. g5 Ng4 10. f3 Nge5 11. Be3 a6 12. Qe2 Qc7 13. O-O-O b5 14. f4 Nc4 15. Ndxb5 axb5
16. Nxb5 Qb8 17. Qxc4 Bd7 18. g6 f6 19. a3 Na5 20. Qd3 Nb7 21. Bb6 Bxb5 22. Qxb5+
Ke7 23. f5 Qe8 24. Qb3 Qc8 25. Bc4 e5 26. Bb5 Nd8 27. Rxd6  1-0